000 01375cam a2200313 a 4500
999 _c21569
_d21569
001 12162213
003 OSt
005 20210206130315.0
008 000901s2001 enka b 001 0 eng
010 _a 00046516
020 _a9780192854575
040 _aDLC
_coclc
_dDLC
043 _aa-ii---
050 0 0 _aDS481.G3
_bP3465 2001
082 0 0 _a954.035092
_221
_bPAR/G
100 1 _aParekh, Bhikhu C.
_9116
245 1 0 _aGandhi :
_bA Very Short Introduction /
_cBhikhu Parekh.
260 _aOxford ;
_aNew York :
_bOxford University Press,
_c2001.
300 _a140 p. :
_bill. ;
_c18 cm.
440 0 _aVery short introductions
504 _aIncludes bibliographical references (p. 133-134) and index.
600 0 0 _aGandhi,
_cMahatma,
_d1869-1948
_xPolitical and social views.
856 4 2 _3Publisher description
_uhttp://www.loc.gov/catdir/enhancements/fy0610/00046516-d.html
856 4 1 _3Table of contents only
_uhttp://www.loc.gov/catdir/enhancements/fy0610/00046516-t.html
856 4 2 _3Contributor biographical information
_uhttp://www.loc.gov/catdir/enhancements/fy0724/00046516-b.html
906 _a7
_bcbc
_corignew
_d1
_eocip
_f20
_gy-gencatlg
942 _2ddc
_cBK
_h954.035092
_iPAR/G
_k954.035092
_mPAR/G